|
|
|
|
| LEADER |
00000nab a2200000 a 4500 |
| 001 |
vtls001015478 |
| 003 |
SK-MaSNL |
| 005 |
20260303234100.0 |
| 008 |
040720e19980804xo 0 slo |
| 035 |
|
|
|a SN1430
|
| 040 |
|
|
|a SNSK
|b slo
|c SNSK
|e AACR2
|
| 041 |
0 |
|
|a slo
|
| 044 |
|
|
|a xo
|c SK
|
| 080 |
|
|
|a 627.51
|2 1981
|
| 100 |
1 |
|
|a Kucharovičová, Kveta
|4 aut
|9 1021449
|
| 245 |
1 |
0 |
|a Nezištná pomoc vojakov
|b Život v postihnutých obciach sa postupne stabilizuje
|
| 300 |
|
|
|b 2 foto
|
| 650 |
0 |
7 |
|a povodne
|2 SNSK
|9 15273
|
| 650 |
0 |
7 |
|a škody
|2 SNSK
|9 276699
|
| 650 |
0 |
7 |
|a informácie
|2 SNSK
|9 1285
|
| 651 |
|
7 |
|a Beharovce (Slovensko)
|2 SNSK
|9 58976
|
| 651 |
|
7 |
|a Granč-Petrovce (Slovensko)
|2 SNSK
|9 59004
|
| 651 |
|
7 |
|a SN,
|2 SNSK
|9 1021277
|
| 655 |
|
7 |
|a periodikum
|2 snkbucl
|9 29553
|
| 773 |
0 |
8 |
|t Nové Spišské hlasy
|g Roč. 8, č.31, 4.8.1998, s. 3
|
| 852 |
|
|
|a ZVYKNI
|b KIS3GCP
|
| 999 |
|
|
|c 2519021
|d 2520951
|